000 00449nam a22001697a 4500
003 NUST - PNEC
005 20170116181006.0
008 150912b xxu||||| |||| 00| 0 eng d
020 _a0138964815
040 _cLIBRARY
082 _a621.382 ZIE
100 _99795
_a Ziemer, Rodger E
245 _aIntroduction to digital communication
_cRodger E Ziemer
260 _cc.2001
650 _99798
_aDigital communications
_xMS COM
942 _2ddc
_cBK
999 _c66877
_d66877